[Event "Niederbayernliga 0910"]
[Site "Germany"]
[Date "2009.11.29"]
[Round "3.7"]
[White "Wernthaler, Johann"]
[Black "Hoechtl, Alois"]
[Result "0-1"]
[WhiteElo "1578"]
[BlackElo "1766"]
[PlyCount "100"]
[EventDate "2009.10.18"]
[EventType "team-tourn"]
[EventRounds "9"]
[EventCountry "GER"]
[SourceTitle "EXT 2011"]
[Source "ChessBase"]
[SourceDate "2010.11.26"]
[SourceVersion "1"]
[SourceVersionDate "2010.11.26"]
[SourceQuality "1"]
[WhiteTeam "Adlkofen"]
[BlackTeam "Rottal II"]
[WhiteTeamCountry "GER"]
[BlackTeamCountry "GER"]

1. e4 e5 2. Nf3 Nc6 3. d4 exd4 4. Nxd4 Qh4 5. Nb5 Qxe4+ 6. Be2 Kd8 7. 0-0 a6 8. N1c3 Qe5 9. Nxc7 Bd6 10. g3 Bxc7 11. Nd5 Qd4 12. Nxc7 Qxd1 13. Rxd1 Kxc7 14. Bf4+ Kd8 15. Bc4 f6 16. Rd2 g5 17. Be3 Kc7 18. Bc5 Nge7 19. Re1 Ng6 20. Bd6+ Kb6 21. Re3 Ka7 22. Rb3 b6 23. Bc7 b5 24. Bd5 Bb7 25. Bg2 Nce5 26. Rd6 Bxg2 27. Kxg2 Rac8 28. Ra3 Nc4 29. Rdxa6+ Kb7 30. Ra7+ Kc6 31. R3a6+ Kd5 32. b3 Nce5 33. Rxf6 Rhf8 34. Rd6+ Kc5 35. Rd2 Rf6 36. Ba5 Nc6 37. Rc7 Rxc7 38. Bxc7 d5 39. a3 Rf7 40. Ba5 d4 41. Rd1 Nxa5 42. b4+ Kc4 43. bxa5 Ra7 44. Kf3 Ne5+ 45. Ke4 Nc6 46. f4 gxf4 47. gxf4 Rxa5 48. Rd3 Ra7 49. Rb3 Re7+ 50. Kf5 Re3 0-1